000 00257nam a2200097Ia 4500
008 240331s9999 xx 000 0 und d
082 _bWHY
100 _aPerera, Marlene,. editor
245 0 _aWhy live in fear :
_bWomen speak out-Logos-Vol. 35,No.1
942 _cL
999 _c2951
_d2951